00419nam a2200121Ia 4500008004100000245015800041260001700199260000900216300000800225650002300233650001200256856002900268170516s9999 xx 000 0 und d aLocalized Delivery of shRNA against PHD2 Protects the Heart from Acute Myocardial Infarction through Ultrasound-Targeted Cationic Microbubble Destruction bTheranostics c2017 a7:1 xMedical Technology xMedtech uhttp://www.thno.org/v7i1